Hình thái học đô thị
Nội dung gồm 2 nội dung cơ bản: Phần thứ nhất là Hình thái học đô thị đại cương và phần thứhai là Hình thái học đô thị ứng dụng. - Phần thứ nhất: tác giả trình bày 7 nội dung cơ bản bao gồm: Đô thị và Hình thái học đô thị; Các yếu tố...
Tallennettuna:
| Päätekijä: | |
|---|---|
| Aineistotyyppi: | Kirja |
| Kieli: | Vietnamese |
| Julkaistu: |
H.
Xây dựng
2019
|
| Painos: | Tái bản |
| Aiheet: | |
| Tagit: |
Lisää tagi
Ei tageja, Lisää ensimmäinen tagi!
|
| Thư viện lưu trữ: | Thư viện Trường Đại học Nam Cần Thơ |
|---|
| LEADER | 01744nam a22002057a 4500 | ||
|---|---|---|---|
| 001 | NCT_140130 | ||
| 008 | 180912b xxu||||| |||| 00| 0 vie d | ||
| 999 | |c 7221 |d 7221 | ||
| 020 | |a 9786048229719 |c 125000 | ||
| 082 | 0 | 4 | |2 23rd ed. |a 711 |b Kh452 |
| 100 | 1 | |a Doãn Minh Khôi | |
| 245 | 1 | 0 | |a Hình thái học đô thị |c Doãn Minh Khôi |
| 250 | |a Tái bản | ||
| 260 | |a H. |b Xây dựng |c 2019 | ||
| 300 | |a 228tr. |b minh họa |c 27cm | ||
| 520 | 3 | |a Nội dung gồm 2 nội dung cơ bản: Phần thứ nhất là Hình thái học đô thị đại cương và phần thứhai là Hình thái học đô thị ứng dụng. - Phần thứ nhất: tác giả trình bày 7 nội dung cơ bản bao gồm: Đô thị và Hình thái học đô thị; Các yếu tố tác động tới biến đổi hình thái đô thị; Đại hình thái đô thị; Cấu trúc hình thái và quy hoạch đô thị; Hình thái Thửa - ô - lô mảnh; Cấu trúc hình thái và kiến trúc xây dựng; Các yếu tố cấu thành hình thái không gian đô thị. - Phần thứ hai: nghiên cứu về hình thái đô thị của 6 đô thị bao gồm: Các đô thị lớn (Hà Nội, TPHCM); Các đô thị có giá trị văn hóa lịch sử (Huế, Đà Lạt) và Các đô thị biển (Đà Nẵng, Vũng Tàu). | |
| 653 | |a Kiến trúc | ||
| 942 | |2 ddc |c BK | ||
| 952 | |0 0 |1 0 |2 ddc |4 0 |6 711_000000000000000_KH452 |7 0 |9 25936 |a 000001 |b 000001 |d 2022-08-04 |o 711 Kh452 |p MD.15388 |r 2022-08-04 |v 125000.00 |w 2022-08-04 |y BK | ||
| 980 | |a Thư viện Trường Đại học Nam Cần Thơ | ||


